Jughrāfiyā va jughrāfiyā-yi tārīkhī-i Gurgān va Dasht, (Record no. 50559)
[ view plain ]
| 000 -LEADER | |
|---|---|
| fixed length control field | 00792cam a22002411 4500 |
| 001 - CONTROL NUMBER | |
| control field | ne 68002562 |
| 003 - CONTROL NUMBER IDENTIFIER | |
| control field | DLC |
| 005 - DATE AND TIME OF LATEST TRANSACTION | |
| control field | 20260227111844.0 |
| 008 - FIXED-LENGTH DATA ELEMENTS--GENERAL INFORMATION | |
| fixed length control field | 900823s1966 ir abc b 000 0 perr |
| 010 ## - LIBRARY OF CONGRESS CONTROL NUMBER | |
| LC control number | ne 68002562 |
| 035 ## - SYSTEM CONTROL NUMBER | |
| System control number | (OCoLC)22268312 |
| 040 ## - CATALOGING SOURCE | |
| Original cataloging agency | DLC |
| Transcribing agency | WaU |
| Modifying agency | DLC |
| 043 ## - GEOGRAPHIC AREA CODE | |
| Geographic area code | a-ir--- |
| 050 00 - LIBRARY OF CONGRESS CALL NUMBER | |
| Classification number | DS324.G67 |
| Item number | M82 |
| 100 1# - MAIN ENTRY--PERSONAL NAME | |
| Personal name | Muʻīnī, Asad Allāh. |
| 245 10 - TITLE STATEMENT | |
| Title | Jughrāfiyā va jughrāfiyā-yi tārīkhī-i Gurgān va Dasht, |
| Remainder of title | ṭabīʻī, tārīkhī, sīyāsī, adabī. |
| Statement of responsibility, etc. | Taʼlīf Asad Allāh Muʻīnī. |
| 260 ## - PUBLICATION, DISTRIBUTION, ETC. | |
| Place of publication, distribution, etc. | [Tihrān] |
| Name of publisher, distributor, etc. | Tabʻi Kitāb, |
| Date of publication, distribution, etc. | 1344 [1966] |
| 300 ## - PHYSICAL DESCRIPTION | |
| Extent | 17, 428 p. |
| Other physical details | illus., maps., ports. |
| Dimensions | 25 cm. |
| 504 ## - BIBLIOGRAPHY, ETC. NOTE | |
| Bibliography, etc. note | Bibliography: p. 7-8 (1st group) |
| 651 #0 - SUBJECT ADDED ENTRY--GEOGRAPHIC NAME | |
| Geographic name | Gurgān (Gulistān, Iran) |
| 651 #0 - SUBJECT ADDED ENTRY--GEOGRAPHIC NAME | |
| Geographic name | Dasht-e Gorgān. |
| 740 0# - ADDED ENTRY--UNCONTROLLED RELATED/ANALYTICAL TITLE | |
| Uncontrolled related/analytical title | Gurgān va Dasht. |
No items available.